Normal view
MARC view
Entry Topical Term
001 - CONTROL NUMBER
- control field: 72425
003 - CONTROL NUMBER IDENTIFIER
- control field: OSt
005 - DATE AND TIME OF LATEST TRANSACTION
- control field: 20180427153750.0
008 - FIXED-LENGTH DATA ELEMENTS
- fixed length control field: 180427|| aca||aabn | a|a d
040 ## - CATALOGING SOURCE
- Original cataloging agency: OSt
- Transcribing agency: OSt
150 ## - HEADING--TOPICAL TERM
- Topical term or geographic name entry element: International Relationals
670 ## - SOURCE DATA FOUND
- Source citation: Work cat.: (OSt): Pavneet Singh 72424, International Relationals for Civil Services Examinations, 2018









